000 00752cam a2200265 4500
001 J86785
008 090401t1997 xxu||||| |||| 00| 0 eng d
035 _a(Sirsi) u81180
041 _aeng
050 _a333.33709421
110 _aSavills
_92020
245 _a1997 - the first six months : London offices. - July 1997
260 _aLondon
_bSavills
_c1997
300 _a(5)p. ; 30cm.
350 _a0
650 _aCITY OF LONDON
650 _aDOCKLANDS
650 _aFLOORSPACE STATISTICS
650 _aPROPERTY-COMMERCIAL PROPERTY-OFFICE PROPERTY-OFFICE PROPERTY MARKET
650 _aOFFICES
650 _aWEST END OF LONDON
690 _aPROPERTY-COMMERCIAL PROPERTY-COMMERCIAL PROPERTY MARKET
942 _n0
948 _c01/10/1997
999 _c96682
_d96682